01418nam a22003857a 4500003000500000005001700005008004100022010001000063011001000073020001500083035001100098040000900109082001800118245013600136250001000272260002500282300003000307590004100337590004100378590004100419590004200460650002700502650003200529650002800561650002700589650003600616650003600652710008700688901000700775911001500782942001000797949007000807999001700877952013800894CHAP20220817044312.0091123s2006 fr r 00010 eng d a97117 a98089 a9264022759 a108769 cCHAP04a338.181bAg8300aAgricultural policies in OECD countries :bat a glance 2006c/por Organización para la Cooperación y el Desarrollo Económicos a2 ed. aParis :bOCDE,c2006 a78 p. :bgráfs., tablas aBATCH-UPDb10c20130110lUCH01h0921 aBATCH-UPDb10c20130410lUCH01h0543 aBATCH-UPDb10c20130913lUCH01h1936 aCONVERSIONb10c20130109lUCH01h135414aAdministración.991814aAgricultura y Estado.9203514aDesarrollo económico.14aOrganización.98353314aProyectos de desarrollo.99252814aProyectosxEvaluación.9925250 aOrganización para la Cooperación y el Desarrollo Económicos. París.983559 aBK aen proceso cLIBRO a338.181 Ag83bBCcLIBROd33724002125264eLIBROh111325i108769sb c97117d97117 00102ddc4052708GRALaBCbBCcPA_GRALd2019-12-31fLIBROl0o338.181 Ag83p33724002125264r2019-12-31 00:00:00w2019-12-31yLIBRO